RURAL DEVELOPMENT: SUSTAINABLE LIVELIHOOD AND SECURITY (Record no. 2607)

MARC details
000 -LEADER
fixed length control field 00796nam a22001457a 4500
020 ## - INTERNATIONAL STANDARD BOOK NUMBER
ISBN 8172733399
050 ## - CALL NUMBER
Classification number HC455
Item number .R18
100 ## - AUTHOR
Personal name P. GOPINATH RAO
245 ## - TITLE
Title RURAL DEVELOPMENT: SUSTAINABLE LIVELIHOOD AND SECURITY
Remainder of title P. GOPINATH RAO
260 ## - PUBLICATION INFORMATION
Place of publication Delhi
Name of publisher Authorspress
Year of publication 2006
300 ## - DESCRIPTION
Number of Pages xiii,249p
Dimensions 23cm.
500 ## - NOTES
General note Includes index.
505 ## - FORMATTED CONTENTS NOTE
Table of Content INTRODUCTION<br/>SUSTAINABLE LIVELIHOODS<br/>RURAL DEVELOPMENT POLICIES<br/>RAINFED AGRICULTURE AND ITS TECHNOLOGICAL CHALLENGES<br/>ROLE OF WATER IN AGRICULTURE AND DEVELOPMENT<br/>AGRICULTURAL SUSTAINABILITY<br/>LAND AND LIVELIHOODS FOR INDIA'S RURAL POOR<br/>FOOD SECURITY IN INDIA<br/>POVERTY ALLEVIATION IN RURAL INDIA<br/>WOMEN IN RURAL DEVELOPMENT<br/>ELEMENTARY EDUCATION AND LITERACY<br/>INFORMATION AND COMMUNICATION TECHNOLOGY IN RURAL DEVELOPMENT
942 ## - ADDED ENTRY ELEMENTS (KOHA)
Koha item type Books
Holdings
Withdrawn status Lost status Collection code Home library Current library Shelving location Date acquired Full call number Accession Number Copy number Koha item type
    Reference Methodist University Library Main Methodist University Library Main General Stacks   HC455 .R18 38743 1 Books
    Reference Methodist University Library Main Methodist University Library Main General Stacks   HC455 .R18 38744 1 Books
Copyright © 2026  MUG Library